| 000 | 00653cab a2200205 4500 | ||
|---|---|---|---|
| 001 | ABS41489 | ||
| 008 | 090401t1989 xxu||||| |||| 00| 0 eng d | ||
| 035 | _a(Sirsi) u30517 | ||
| 041 | _aeng | ||
| 100 | _aHuyton, D. | ||
| 245 | _aWhat VAT on rents can mean to you | ||
| 260 | _c1989 | ||
| 350 | _a0 | ||
| 490 |
_aProperty Director _v(14) Autumn 1989, 73(1) |
||
| 520 | _aReviews the implications for landlords and tenants of the imposition of VAT on the letting and selling of commercial property . Briefly explains the phasing provisions and relief. | ||
| 650 | _aSERVICE CHARGES | ||
| 690 | _aTAXATION | ||
| 942 | _n0 | ||
| 948 | _c04/03/1997 | ||
| 999 |
_c20576 _d20576 |
||